| 000 | 00470nam a2200181Ia 4500 | ||
|---|---|---|---|
| 008 | 180207s9999 xx 000 0 und d | ||
| 020 | _a9780545382700 | ||
| 050 | _bK418 2012 | ||
| 100 | _aKertell, Lynn Maslen. | ||
| 245 | _aMy school trip / | ||
| 245 | _cLynn Maslen Kertell ; illustrated by Sue Hendra. | ||
| 260 | _aNew York : | ||
| 260 | _bScholastic, | ||
| 260 | _c2012 | ||
| 300 | _a32 pages : | ||
| 300 | _bcolor illustration ; | ||
| 440 | _aBob books. | ||
| 999 |
_c355206 _d355206 |
||